[Event "Angers op 5th"]
[Site "Angers"]
[Date "2010.04.24"]
[Round "4"]
[White "Le Coz, Yannick"]
[Black "Legendre, Aurelien"]
[Result "1-0"]
[WhiteElo "1688"]
[BlackElo "1180"]
[PlyCount "51"]
[EventDate "2010.04.23"]
[EventType "swiss"]
[EventRounds "6"]
[EventCountry "FRA"]
[SourceTitle "EXT 2011"]
[Source "ChessBase"]
[SourceDate "2010.11.26"]
[SourceVersion "1"]
[SourceVersionDate "2010.11.26"]
[SourceQuality "1"]

1. e4 e5 2. f4 d6 3. Bc4 Nf6 4. Nc3 Nc6 5. d3 Bg4 6. Nf3 Be7 7. h3 Bxf3 8. Qxf3 Nd4 9. Qf2 c6 10. Be3 c5 11. Nd5 b5 12. Nxf6+ Bxf6 13. Bd5 Rc8 14. c3 Nc6 15. g4 Bh4 16. g5 Bxf2+ 17. Kxf2 0-0 18. f5 g6 19. f6 b4 20. c4 Nd4 21. h4 Ne6 22. h5 Nf4 23. Bxf4 exf4 24. hxg6 hxg6 25. Rh6 Qd7 26. Rah1 1-0

[Event "Pays de Loire-chT"]
[Site "Cholet"]
[Date "2009.??.??"]
[Round "3"]
[White "Guerin, Raphael"]
[Black "Legendre, Aurelien"]
[Result "1-0"]
[WhiteElo "1440"]
[BlackElo "1160"]
[PlyCount "76"]
[EventDate "2009.06.??"]
[EventType "team-tourn"]
[EventRounds "6"]
[EventCountry "FRA"]
[SourceTitle "EXT 2010"]
[Source "ChessBase"]
[SourceDate "2010.11.25"]
[SourceVersion "1"]
[SourceVersionDate "2010.11.25"]
[SourceQuality "1"]

1. e4 e5 2. Nf3 Nc6 3. Bb5 Nf6 4. Bxc6 bxc6 5. Nxe5 Nxe4 6. 0-0 Qf6 7. Nf3 Bd6 8. d3 Nc5 9. Re1+ Ne6 10. Nc3 0-0 11. Ne4 Qe7 12. Bg5 f6 13. Nxd6 Qxd6 14. Bh4 Rb8 15. b3 Nd4 16. Bg3 Qc5 17. Nxd4 Qxd4 18. Bxc7 Rb7 19. Bg3 d5 20. Qe2 Bd7 21. Qd2 Re8 22. c3 Rxe1+ 23. Rxe1 Qg4 24. Qf4 Qg6 25. Qe3 h6 26. Qd4 Bf5 27. c4 dxc4 28. dxc4 Rd7 29. Qe3 Bb1 30. Qe6+ Rf7 31. Qxc6 Bxa2 32. Qd6 Bxb3 33. Qb8+ Kh7 34. Qxb3 Re7 35. Rxe7 Qh5 36. h3 a5 37. Qb1+ f5 38. Re5 Kg6 1-0